00186 a2200085 4500001000700000040003500007100002100042240002100063245001600084146473 cEscola São Tomás de Aquino aZAMBUJAL, Isabel10aTchaikovskylpor10aTchaikovsky